| 000 | 00538nam a22001817a 4500 | ||
|---|---|---|---|
| 003 | OSt | ||
| 005 | 20251021020408.0 | ||
| 008 | 251021b |||||||| |||| 00| 0 eng d | ||
| 020 | _a0-399-13575-8 | ||
| 040 |
_aDWCl-Main lib _cOC |
||
| 082 | _aCirc. 813.54 C771 1991 | ||
| 100 | _aCook, R. | ||
| 245 |
_aVital signs _bCook, Robin |
||
| 260 |
_aNew York : _b G.P. Putnams Sons, _cc1991 |
||
| 300 |
_a396 pages : _c22 cm. |
||
| 650 | _2Fiction | ||
| 942 |
_2ddc _cBK-CIRC _hCirc. 813.54 C771 1991 _kCirc. _n0 |
||
| 999 |
_c4951 _d4951 |
||